| 000 | 00414cam a22001577a 4500 | ||
|---|---|---|---|
| 040 | _cDLC | ||
| 082 | _a138 SOH 2003 A001 Or. | ||
| 100 | 1 | _aParent, Nancy. | |
| 245 | 1 | 0 |
_aCareBears : _bthe day nobody shared / |
| 246 | 3 | 0 | _aDay nobody shared |
| 260 |
_aNew York : _bScholastic Inc., _cc2003. |
||
| 300 |
_a1 v. (unpaged) : _bcol. ill. ; _c21 cm. |
||
| 490 | 0 | _aCare Bears | |
| 700 | 1 | _aJohnson, Jay, | |
| 942 | _cEK | ||
| 999 |
_c11971 _d11971 |
||